Agricultores, consumidores y la mediación institucional en las cadenas agroalimentarias globales en Centroamérica /
En este artículo se comparan algunas cadenas agroalimentarias centroamericanas a efectos de clasificar los desafíos de los pequeños productores para participar exitosamente en estas y contemplando las necesidades de los consumidores finales. La idea consiste en utilizar estos casos para mostrar las...
Furkejuvvon:
| Váldodahkki: | |
|---|---|
| Eará dahkkit: | |
| Materiálatiipa: | Texto |
| Fáttát: | |
| Fáddágilkorat: |
Lasit fáddágilkoriid
Eai fáddágilkorat, Lasit vuosttaš fáddágilkora!
|
MARC
| LEADER | 00000 a a2200000 04500 | ||
|---|---|---|---|
| 001 | 14196 | ||
| 003 | |||
| 040 | |||
| 100 | |a Díaz Porras, Rafael | ||
| 245 | |a Agricultores, consumidores y la mediación institucional en las cadenas agroalimentarias globales en Centroamérica / |c Rafael Díaz Porras | ||
| 520 | |a En este artículo se comparan algunas cadenas agroalimentarias centroamericanas a efectos de clasificar los desafíos de los pequeños productores para participar exitosamente en estas y contemplando las necesidades de los consumidores finales. La idea consiste en utilizar estos casos para mostrar las posibilidades analíticas que brinda el enfoque de Cadenas Globales de Mercancías (CGM) y discutir la orientación de políticas y estrategias necesarias para el diseño de nuevas políticas y estrategias empresariales de desarrollo | ||
| 650 | |a DESARROLLO AGROPECUARIO | ||
| 650 | |a PEQUEÑOS AGRICULTORES | ||
| 650 | |a COMERCIO AGRICOLA | ||
| 650 | |a ANALISIS COMPARATIVO | ||
| 650 | |a AMERICA CENTRAL | ||
| 700 | |a Pelupessy, Wim | ||
| 773 | |g volumen 1, número 1; páginas 25-56 | ||
| 999 | |c 20491 |d 20491 | ||
